| 000 | 01556 a2200277 4500 | ||
|---|---|---|---|
| 003 | OSt | ||
| 005 | 20180116192338.0 | ||
| 008 | 120525t xxu||||| |||| 00| 0 eng d | ||
| 020 | _a9057680580 (paperback) | ||
| 020 | _a9789057680588 (paperback) | ||
| 040 | _c0 | ||
| 082 | 0 | 4 | _a746.6609 |
| 100 | 1 |
_aRoojen, Pepin van _92168 |
|
| 245 | 1 | 0 |
_aIkat patterns / _cPepin van Roojen |
| 260 |
_aAmsterdam : _bPepin Press, _c2004. |
||
| 300 |
_a128 p. : _bill.; _c22 cm. |
||
| 490 | 1 | _aAgile rabbit editions. | |
| 520 | _aThis book contains stunning images for use as a graphic resource, or inspiration. All the illustrations are stored in high-resolution format on the enclosed free CD-ROM and are ready to use for professional quality printed media and web page design. The pictures can also be used to produce postcards, or to decorate your letters, flyers, etc. They can be imported directly from the CD into most design, image- manipulation, illustration, word-processing and e-mail programs; no installation is required. For most applications, single images can be used free of charge. Please consult the introduction to this book, or visit our website for conditions. | ||
| 650 |
_aDyes and dyeing _xTextile fibers _92169 |
||
| 650 |
_aIkat _xThemes, motives _zAsia _92170 |
||
| 700 | 1 |
_aPress, Pepin. _92171 |
|
| 830 | 0 |
_aAgile rabbit editions. _92172 |
|
| 856 | 4 | 0 |
_3Amazon.com _uhttp://www.amazon.com/exec/obidos/ASIN/9057680580/chopaconline-20 |
| 942 |
_aSADA _cBK _k746.6609 ROO 2004 _2ddc |
||
| 999 |
_c352566 _d352566 |
||